=LDR 00000nam 2200000 4500 =001 INLIS000000000040752 =005 20130612150318 =008 ***********************************ind** =035 ##$$0010-061300000040752 =041 ##$$a ind =082 ##$$a 813 =090 ##$$a 813 , Mor ,s =100 ##$$a MORGAN, Sarah =245 ##$$a Sang Konsultan spanyol , Sarah morgan =260 ##$$a 2009 $b Jakarta =300 ##$$a 253 hlm. , 18 cm =650 ##$$a FIKSI =850 ##$$a NBPNMAT